| 000 | 01188cam a2200325 a 4500 | ||
|---|---|---|---|
| 999 |
_c527335 _d527335 |
||
| 001 | 15605513 | ||
| 003 | NUST | ||
| 005 | 20190725072524.0 | ||
| 008 | 090130s2009 enka b 001 0 eng | ||
| 010 | _a 2009004188 | ||
| 020 | _a9780470519462 (pbk.) | ||
| 020 | _a0470519460 (pbk.) | ||
| 035 | _a(OCoLC)ocn246887666 | ||
| 038 | _aWASEEM | ||
| 040 |
_aDLC _cDLC _dBTCTA _dYDXCP _dBWKUK _dBWX _dBWK _dCDX _dNLGGC _dVP@ _dDLC |
||
| 050 | 0 | 0 |
_aQA76.76.I58 _bW65 2009 |
| 082 | 0 | 0 |
_a006.3 _bWOO |
| 084 |
_a54.32 _2bcl |
||
| 084 |
_a54.51 _2bcl |
||
| 100 | 1 |
_aWooldridge, Michael J., _d1966- _918522 |
|
| 245 | 1 | 3 |
_aAn introduction to multiagent systems / _cMichael Wooldridge. |
| 250 | _a2nd ed. | ||
| 260 |
_aChichester, U.K. : _bJohn Wiley & Sons, _c2009. |
||
| 300 |
_axxii, 461 p. : _bill. ; _c24 cm. |
||
| 504 | _aIncludes bibliographical references (p. [425]-451) and index. | ||
| 650 | 0 |
_aIntelligent agents (Computer software) _918523 |
|
| 906 |
_a7 _bcbc _corignew _d1 _eecip _f20 _gy-gencatlg |
||
| 942 |
_2ddc _cBK |
||